La novela picaresca (Registro nro. 42319)
[ vista simple ]
| 000 -LÍDER | |
|---|---|
| Campo fijo de descripción fija | 004000000a22001330004500 |
| 001 - NÚMERO DE CONTROL | |
| Campo de control | 13339 |
| 041 0# - CÓDIGO DE IDIOMA | |
| Código de idioma para texto/pista de sonido o título separado | |
| 082 04 - NÚMERO DE CLASIFICACIÓN DECIMAL DEWEY | |
| Número de clasificación | G 863.3 V868n |
| 245 10 - TÍTULO | |
| Título del Material | La novela picaresca |
| 260 ## - PUBLICACIÓN, DISTRIBUCIÓN, ETC. (PIE DE IMPRENTA) | |
| Lugar de publicación, distribución, etc. | Barcelona : Obras Maestras |
| 300 ## - DESCRIPCIÓN FÍSICA | |
| Extensión | 250 Pag |
| 505 00 - NOTA DE CONTENIDO | |
| Nota de contenido con formato preestablecido | La vida de Lazarillo de Tormes. Anónimo El diablo cojuelo. Luis Vélez de Guevara Vida de don Gregorio Guadaña. Antonio Enríquez Gómez |
| 942 ## - TIPO DE MATERIAL (KOHA) | |
| Tipo de Item KOHA | Libros General |
| Estado de Material | Estado de Perdido | Estado de Dañado | No para Préstamo | Colección | Tomo | Biblioteca de Origen | Biblioteca Permanente | Fecha de Adquisición | Total de Préstamos | Signatura Topográfica | Código de Barras | Última vez visto | Ejemplar/Existencia | Fecha de Remplazo | Tipo de Material |
|---|---|---|---|---|---|---|---|---|---|---|---|---|---|---|---|
| Colección General | Biblioteca FUSBC | Biblioteca FUSBC | 03/11/2005 | G 863.3 V868n | 11147 | 12/12/2019 | 1 | 26/01/2016 | Libros General |
